000 00517nam a22001337a 4500
999 _c509631
_d509631
082 _aAPPPA 2018-19\KUK
100 _aKukreti, Amar Nath
_95713
245 _aRadicalisation of society in Kashmir valley :
_bA study
_cAmar Nath Kukreti
260 _aNew Delhi
_bIndian Institute of Public Administration
_c2019
300 _a76p.
500 _aAPPPA Dissertation, 2018-19 (Guide : Prof C. Sheela Reddy)
650 _aTerrorism -- India -- Jammu and Kashmir.
_96352
650 _aMuslims -- India -- Jammu and Kashmir.
_96353